000 00493nam a2200181Ia 4500
008 090123s9999 xx 000 0 und d
082 _b27789
_a891.463/पाध्ये
100 _aपाध्ये भाऊ
245 _aराडा
250 _a2
260 _bअक्षय प्रकाशन
300 _a127
600 _aपाध्ये भाऊ
630 _aराडा
700 _aपाध्ये भाऊ
730 _aराडा
942 _cBOOK
999 _c66160
_d66160